| 000 | 00887nam a22001697a 4500 | ||
|---|---|---|---|
| 005 | 20260124092646.0 | ||
| 008 | 230712b ||||| |||| 00| 0 eng d | ||
| 040 |
_cSSBUL _dSSBUL |
||
| 082 |
_223 _a၃၄၂.၅၉၁ ပြည် ၁၆၁၂၂ (S-SAT) |
||
| 245 | _aပြည်ထောင်စုဆိုရှယ်လစ် သမ္မတမြန်မာနိုင်ငံတော်ဖွဲ့စည်းပုံအခြေခံ ဥပဒေအသစ်(ဒုတိယ).. / | ||
| 260 |
_aရန်ကုန်၊ _c၁၉၇၃။ |
||
| 300 |
_a၁၂၈ စာမျက်နှာ၊ _c၂၁ စင်တီ။ |
||
| 500 | _aS-SAT: Dr. Prof Sai Aung Tun | ||
| 650 |
_aဖွဲ့စည်းပုံအခြေခံဥပဒေ _zမြန်မာနိုင်ငံ။ _927832 |
||
| 650 |
_aအစီရင်ခံစာ။ _927831 |
||
| 942 |
_2ddc _cBK1 |
||
| 999 |
_c27085 _d27085 |
||